| 000 | 00963nam a22001817a 4500 | ||
|---|---|---|---|
| 005 | 20120208113024.0 | ||
| 020 |
_a9788181468741 _c85.00 |
||
| 082 | _aक | ||
| 100 |
_aमरियम करीम अहलावत _941141 |
||
| 245 |
_aसाँप और मेंढक / _cमरियम करीम अहलावत;नैन्सी राज द्वारा चित्रांकित |
||
| 260 |
_aचैन्नई _bतूलिका पब्लिशर्स _c2011 |
||
| 270 |
_a13 पृथ्वी ऐवन्यु, अभिरमपुरम _bचैन्नई _e600018 |
||
| 300 |
_aअ.पृ. _bसचित्र _c18सेमी (अजिल्द) |
||
| 700 |
_aप्रोईति रॉय _941133 |
||
| 700 |
_aविधु पुरकायस्था _941134 |
||
| 942 |
_2ddc _cCH _hक _mमरिय |
||
| 999 |
_c62226 _d62226 |
||